Eastern European property stocks take AIM (Record no. 76869)

MARC details
000 -LEADER
fixed length control field 01079cab a2200181 4500
001 - CONTROL NUMBER
control field ##L33215
008 - FIXED-LENGTH DATA ELEMENTS--GENERAL INFORMATION
fixed length control field 060420n2006 000 0 eng u
035 ## - SYSTEM CONTROL NUMBER
System control number (Sirsi) u133215
041 0# - LANGUAGE CODE
Language code of text/sound track or separate title eng
100 1# - MAIN ENTRY--PERSONAL NAME
Personal name Patterson, Alan
245 00 - TITLE STATEMENT
Title Eastern European property stocks take AIM
260 ## - PUBLICATION, DISTRIBUTION, ETC.
Date of publication, distribution, etc. 2006
490 #0 - SERIES STATEMENT
Series statement Property Forecast
Volume/sequential designation 9(3) March 2006, 12-13(2)
520 ## - SUMMARY, ETC.
Summary, etc. Over the past few years, there has been significant acceleration in the Alternative Investment Market (AIM). For instance, in September 2002, there was a total of 686 companies listed on it; by September 2005, this figure has risen to 1 311. By March 2006, the Stock Exchange accounted for 69% of Western Europe flotations, suggesting that AIM has attracted attention for companies seeking to raise capital. Many property companies are now tapping into the emerging Eastern European property market. This paper introduces some of these key players and assesses their prospects.
590 ## - LOCAL NOTE (RLIN)
Local note IKA250406
690 ## - LOCAL SUBJECT ADDED ENTRY--TOPICAL TERM (OCLC, RLIN)
Topical term or geographic name as entry element PROPERTY-COMMERCIAL PROPERTY-COMMERCIAL PROPERTY FINANCE AND INVESTMENT
942 ## - ADDED ENTRY ELEMENTS (KOHA)
Suppress in OPAC 0
Holdings
Withdrawn status Lost status Source of classification or shelving scheme Damaged status Not for loan Home library Current library Shelving location Date acquired Total Checkouts Full call number Barcode Date last seen Copy number Price effective from Koha item type
    Dewey Decimal Classification     London London Journal article 20/04/2006   L133215 133215-1001 06/08/2019 1 06/08/2019 Journal article